LEADER 01384nam 2200385Ia 450 001 9910696949703321 005 20230902162120.0 035 $a(CKB)5470000002383395 035 $a(OCoLC)550631292 035 $a(EXLCZ)995470000002383395 100 $a20100310d2004 ua 0 101 0 $aeng 135 $auran||||||||| 181 $ctxt$2rdacontent 182 $cc$2rdamedia 183 $acr$2rdacarrier 200 00$aGuidance for industry$b[electronic resource] $ebrief summary : disclosing risk information in consumer-directed print advertisements 210 1$aRockville, MD :$cU.S. Dept. of Health and Human Services, Food and Drug Administration, Center for Drug Evaluation and Researcy :$cCenter for Biologics Evaluation and Research,$d[2004] 215 $a1 electronic resource (8 pages) 300 $a"Draft guidance." 300 $a"DDMAC." 300 $a"January 2004." 517 $aGuidance for industry 606 $aAdvertising$xDrugs$zUnited States 606 $aDrugs$xSide effects$zUnited States 615 0$aAdvertising$xDrugs 615 0$aDrugs$xSide effects 712 02$aCenter for Drug Evaluation and Research (U.S.) 712 02$aCenter for Biologics Evaluation and Research (U.S.) 801 0$bGPO 801 1$bGPO 906 $aBOOK 912 $a9910696949703321 996 $aGuidance for industry$93434577 997 $aUNINA LEADER 01787nas 2200529- 450 001 9910500608903321 005 20230127213019.0 011 $a2765-8783 035 $a(OCoLC)1204108790 035 $a(CKB)4100000012040735 035 $a(CONSER)--2020203339 035 $a(DE-599)ZDB3080109-6 035 $a(EXLCZ)994100000012040735 100 $a20201106a20219999 --- a 101 0 $aeng 135 $aur||||||||||| 181 $ctxt$2rdacontent 182 $cc$2rdamedia 183 $acr$2rdacarrier 200 00$aHealth data science 210 1$aWashington, DC :$cAmerican Association for the Advancement of Science,$d[2021]- 300 $a"An online-only open access science partner journal published in affiliation with Peking University (PKU)." 300 $aRefereed/Peer-reviewed 311 08$a2097-1095 517 1 $aHDS 531 0 $aHealth data sci. 531 10$aHealth Data Sci 606 $aMedical informatics$vPeriodicals 606 $aMedicine$xResearch$xData processing$vPeriodicals 606 $aMedical Informatics 606 $aMedical informatics$2fast$3(OCoLC)fst01014175 606 $aMedicine$xResearch$xData processing$2fast$3(OCoLC)fst01015063 608 $aPeriodical. 608 $aPeriodicals.$2fast 615 0$aMedical informatics 615 0$aMedicine$xResearch$xData processing 615 12$aMedical Informatics. 615 7$aMedical informatics. 615 7$aMedicine$xResearch$xData processing. 676 $a610.285 712 02$aAmerican Association for the Advancement of Science, 712 02$aBeijing da xue, 712 02$aZhejiang Sheng Bei da xin xi ji shu gao deng yan jiu yuan, 906 $aJOURNAL 912 $a9910500608903321 996 $aHealth data science$92426152 997 $aUNINA